ARRUPE JESUIT UNIVERSITY

CORONAVIRUS -STOP THE SPREAD - CLEAN,DISINFECT,COVER

The meal that unites? / (Record no. 126743)

MARC details
000 -LEADER
fixed length control field 00971cam a2200301 a 4500
001 - CONTROL NUMBER
control field 1377410
003 - CONTROL NUMBER IDENTIFIER
control field ARRUPE
005 - DATE AND TIME OF LATEST TRANSACTION
control field 20170824090236.0
008 - FIXED-LENGTH DATA ELEMENTS--GENERAL INFORMATION
fixed length control field 820804s1981 enk b 001 0 eng
010 ## - LIBRARY OF CONGRESS CONTROL NUMBER
LC control number 81153694
015 ## - NATIONAL BIBLIOGRAPHY NUMBER
National bibliography number GB***
020 ## - INTERNATIONAL STANDARD BOOK NUMBER
International Standard Book Number 0340266333 (pbk.) :
Terms of availability £3.25
040 ## - CATALOGING SOURCE
Original cataloging agency DLC
Transcribing agency DLC
Modifying agency DLC
050 00 - LIBRARY OF CONGRESS CALL NUMBER
Classification number BV825.2
Item number .B74
082 00 - DEWEY DECIMAL CLASSIFICATION NUMBER
Classification number 234/.163
Edition number 19
300 ## - PHYSICAL DESCRIPTION
Dimensions 20 cm.
100 1# - MAIN ENTRY--PERSONAL NAME
Personal name Bridge, Donald.
9 (RLIN) 35133
245 14 - TITLE STATEMENT
Title The meal that unites? /
Statement of responsibility, etc Donald Bridge and David Phypers.
260 ## - PUBLICATION, DISTRIBUTION, ETC. (IMPRINT)
Place of publication, distribution, etc London :
Name of publisher, distributor, etc Hodder and Stoughton,
Date of publication, distribution, etc 1981.
300 ## - PHYSICAL DESCRIPTION
Extent 191 p. ;
490 0# - SERIES STATEMENT
Series statement Ecclesia books
500 ## - GENERAL NOTE
General note Rev. ed. published as: Communion, the meal that unites? 1983.
500 ## - GENERAL NOTE
General note Includes index.
504 ## - BIBLIOGRAPHY, ETC. NOTE
Bibliography, etc Bibliography: p. 187-190.
650 #0 - SUBJECT ADDED ENTRY--TOPICAL TERM
Topical term or geographic name as entry element Lord's Supper
General subdivision History.
9 (RLIN) 35134
700 1# - ADDED ENTRY--PERSONAL NAME
Personal name Phypers, David.
9 (RLIN) 35135
906 ## - LOCAL DATA ELEMENT F, LDF (RLIN)
a 7
b cbc
c orignew
d 3
e ncip
f 19
g y-gencatlg
942 ## - ADDED ENTRY ELEMENTS (KOHA)
Source of classification or shelving scheme Library of Congress Classification
Koha item type Monograph ( Printed materials)
Holdings
Withdrawn status Lost status Source of classification or shelving scheme Damaged status Not for loan Collection code Home library Current library Shelving location Date acquired Total Checkouts Full call number Barcode Date last seen Price effective from Koha item type
    Library of Congress Classification     Main Collection ARRUPE LIBRARY ARRUPE LIBRARY Main Collection 24/08/2017   BV823.B851 46500023489 24/08/2017 24/08/2017 Monograph ( Printed materials)

 

Arrupe Library. PO Box MP320 Mt Pleasant, Harare, Zimbabwe
263 242 745411|librarian@aju.ac.zw